000 01060nam a2200301 i 4500
003 EG-GICUC
005 20260221095900.0
008 260114s2008 ua |||fr|||| 00| 0 ara d
040 _a EG-GICUC
_bara
_c EG-GICUC
_d EG-GICUC
_erda
041 0 _aAra
082 0 4 _221
_a343.71
_bش ر . م
092 0 4 _221
099 _aLaw1 10 343.71 ش ر . م 2008
100 0 _aشريف سيد كامل
_eمؤلف.
245 1 0 _aمبادئ علم العقاب /
_cتأليف دكتور شريف سيد كامل.
264 1 _aالقاهرة :
_bدار النهضة العربية،
_c2008.
300 _a276 صفحة؛
_c24 سم.
336 _2rda content
_atext
337 _2rda media
_aComputer
338 _2rda carrier
_aOnline Resource
546 _aالنص باللغة العربية
650 1 _aالقواعد العامة فى علم العقاب
_2qrmak
650 1 _aالقانون الجنائى
_2qrmak
651 1 _2qrmak
856 4 0 _uhttps://fll.law.cu.edu.eg/fulltext/bks/B10-07382.pdf
905 _a54
_eYara
942 _2ddc
_cBK
_e21
_n0
999 _c57040
_d57040